LEADER 00763nam a2200193 4500 001 000000359286 003 CaOOAMICUS 005 20240808104949.0 008 240808s1832 it 000 u ita r 040 $aSeMil$bita 245 00$aVol. 1. 264 1$aMilano :$bPer Nicolò Bettoni e Comp.,$c1832. 300 $a144 p. ;$c15 cm 773 0 $aSacchetti, Franco <1335-1400>$tNovelle di Franco Sacchetti cittadino fiorentino.$dMilano : Per Nicolò Bettoni e Comp., 1832.$g1$w()359285 850 $aSeMil 852 $aSeMil$W1$xVenegono$y1$m1Q III 10 FA$j250201$B250366$CSeMilBibl$Z2$F250366 $8I 996 $6245$aVol. 1$9(OLS)http://semarc/title/13429 996 $6264$aMilano :$bPer Nicolò Bettoni e Comp.$9(OLS)http://semarc/publisher/55678 LEADER 01210nam a2200253 i 4500 001 000000042798 003 CaOOAMICUS 005 20090730000000.0 008 090730s1967 fr u000 u fre u 013 $a13968 040 $aSeMil$bita 100 1 $aDidier, Jean Charles,$d<1905-2003>.$0(OLS)http://semarc/name/6839 245 10$aFaut-il baptiser les enfants? :$bla réponse de la tradition /$ctextes présentés par J.-Ch. Didier ; préface d' A.-M. Roguet. 260 $aParis :$bLes Éditions du Cerf,$c1967. 300 $a302 p. ;$c18 cm. 490 0 $aChrétiens de tous les temps ;$v21 650 4$aBattesimo - Storia.$0(OLS)http://semarc/subject/800 650 4$aIniziazione cristiana - Riti - Storia.$0(OLS)http://semarc/subject/7966 700 1 $aRoguet, Aimone Marie,$d<1906-1991>.$0(OLS)http://semarc/name/3536 830 0$aChrétiens de tous les temps ;$v21.$0(OLS)http://semarc/title/21503 850 $aSeMil 852 $aSeMil$W1$xVenegono$y1$m2B I 271$j8953$B8953$CSeMilBibl$Z2$F8953 $81 996 $6245$aFaut-il baptiser les enfants? :$bla réponse de la tradition$9(OLS)http://semarc/title/62582 996 $6260$aParis :$bLes Éditions du Cerf$9(OLS)http://semarc/publisher/29611